Paliament Of India / (Record no. 195567)

MARC details
000 -LEADER
fixed length control field 00586nam a22001937a 4500
005 - DATE AND TIME OF LATEST TRANSACTION
control field 20230405113318.0
010 ## - LCCN (DPL NO)
LC control number ENG-136608
020 ## - INTERNATIONAL STANDARD BOOK NUMBER
International Standard Book Number 9789390670796
Terms of availability 499.00
035 ## - SYSTEM CONTROL NUMBER
System control number EN-120140
037 ## - SOURCE OF ACQUISITION
Source of stock number/acquisition DBAD/PUB
082 ## - DEWEY DECIMAL CLASSIFICATION NUMBER
Classification number 328.5409
Edition number First
100 ## - MAIN ENTRY--PERSONAL NAME
Personal name Das, Ramakanta
245 ## - TITLE STATEMENT
Title Paliament Of India /
Statement of responsibility, etc By Ramakanta Das
250 ## - EDITION STATEMENT
Edition statement First
260 ## - PUBLICATION, DISTRIBUTION, ETC. (IMPRINT)
Place of publication, distribution, etc Haryana
Name of publisher, distributor, etc Earth Vision Publications
Date of publication, distribution, etc 2023
270 ## - ADDRESS
Address H-23,/16, DLF, Phase 1, Gurugram
City New Delhi
Postal code 122002
Telephone number 7015676289
300 ## - PHYSICAL DESCRIPTION
Extent viii,357p.;
Dimensions 21cm(pbk)
Other physical details Index
942 ## - ADDED ENTRY ELEMENTS (KOHA)
Source of classification or shelving scheme Dewey Decimal Classification
Item type English Books
Classification part 328.5409
Call number suffix RAM
Holdings
Withdrawn status Lost status Not for loan Home library Current library Date acquired Source of acquisition Cost, normal purchase price Full call number Barcode Copy number Cost, replacement price Koha item type
      Patel Nagar Patel Nagar 05/04/2023 DBAD/PUB 499.00 328.5409 RAM EN-120140 1 499.00 English Books

© Delhi Public Library
Hit Counter
free hit counter